• 首页
  • 本馆介绍
  • 公告通知
  • 最新文献
  • 馆藏检索
  • 电子资源
  • 读者导购
  • 参考咨询
  • 我的图书馆
  • 登录
  • 详细信息显示
  • 放入我的书架
  • 预约/预借图书
  • 作者相关作品
  • 分类相关作品
  • 丛书相关作品
  • 出版社相关作品

书目信息

  • 表格格式
  • 工作单格式
  • 卡片格式
题名:
建筑设备控制系统
    
 
作者: 巩学梅 主编 ;王海波 , 周庆红 , 林勇坚 编写
分册:  
出版信息: 北京   中国电力出版社  2020.2
页数: 281页
开本: 26cm
丛书名:
单 册:
中图分类: TU855
科图分类:
主题词: 房屋建筑设备--电气控制系统--技术教育--教材 , 房屋建筑设备 , 电气控制系统
电子资源:
ISBN: 978-7-5083-5579-5
000 01065nam0 2200301 45
001 012001000572
005 20140911154912.0
010    @a978-7-5083-5579-5@dCNY42.00
100    @a20070327d2007 em y0chiy50 ea
101 0  @achi
102    @aCN@b110000
105    @aa z 000yy
106    @ar
200 1  @a建筑设备控制系统@Ajian zhu she bei kong zhi xi tong@b专著@f巩学梅主编@g王海波,周庆红,林勇坚编写
210    @a北京@c中国电力出版社@d2020.2
215    @a281页@c图,折图@d26cm
300    @a技能型紧缺人才培养培训建筑设备类专业教学用书
330    @a本书包括建筑设备控制系统基础知识、建筑设备控制系统设计、建筑设备控制系统集成及施工基本知识三篇内容。
606 0  @a房屋建筑设备@x电气控制系统@x技术教育@j教材
606 0  @a房屋建筑设备
606 0  @a电气控制系统
690    @aTU855@v4
701  0 @a巩学梅@Agong xue mei@4主编
702  0 @a王海波@Awang hai bo@c(建筑)@4编写
702  0 @a周庆红@Azhou qing hong@c(女,@f1976~)@4编写
702  0 @a林勇坚@Alin yong jian@4编写
801  0 @aCN@bBJSDL@c20211011
905    @b1331749-52@dTU855@e1851@f4
    
    建筑设备控制系统/巩学梅主编/王海波,周庆红,林勇坚编写.-北京:中国电力出版社,2020.2
    281页:图,折图;26cm
    技能型紧缺人才培养培训建筑设备类专业教学用书
    
    ISBN 978-7-5083-5579-5:CNY42.00
    本书包括建筑设备控制系统基础知识、建筑设备控制系统设计、建筑设备控制系统集成及施工基本知识三篇内容。
●
相关链接 在E读中查询图书 在五车中查询图书 在当当中查询图书 在豆瓣中查询图书


正题名:建筑设备控制系统     索取号:TU855/1851         预约/预借

序号 登录号 条形码 馆藏地/架位号 状态 备注
1 1331749   213317490   第二样本阅览室/ [索取号:TU855/1851] 在馆    
2 1331750   213317506   第三借阅区/ [索取号:TU855/1851] 在馆    
3 1331751   213317515   第三借阅区/ [索取号:TU855/1851] 在馆    
4 1331752   213317524   第三借阅区/ [索取号:TU855/1851] 在馆    
唐山师范学院图书馆 欢迎您!
大连网信软件有限公司© 版权所有